000 01629cab a2200409 4500
001 ##L132545
008 060217n2006 000 0 eng u
035 _a(Sirsi) u132545
041 0 _aeng
100 1 _aBlair, Linda
245 0 4 _aThe law of agency
_bsome essential principles
260 _c2006
490 _aLetting Update Journal
_v13(4) January 2006, 17-20(4)
520 _aIn the first of two articles on agency provides an overview of the law of agency, its legal framework and the statutory responsibilities existing between the parties. Deals with the agency relationship, the central notion of authority, deposits and taking money for addresses. Presents case examples covering negligence and indemnity. (See also L133296 and L134300).
590 _aIKA280206
650 2 4 _aPROTECTION FROM EVICTION ACT 1977 S1(3A)
650 2 4 _aPEERS V SNEYD
650 2 4 _aLAW OF PROPERTY ACT 1925 S52(1)
650 2 4 _aPAPILLON V BRUNTON
650 2 4 _aTURNER V HUTCHINSON HELY
650 2 4 _aHUTCHINSON V BRAYHEAD LTD
650 2 4 _aTAYLOR V PLUMER
650 2 4 _aSTARKEY V BANK OF ENGLAND
650 2 4 _aWARBOYS V CARTER
650 2 4 _aRE SEYMOUR V SEYMOUR
650 2 4 _aFREEMAN LOCKYER V BUCKHURST PARK
650 2 4 _aCHAPMAN V SMITH
650 2 4 _aS PEARSON AND SONS LTD V DUBLIN CORPORATION
650 2 4 _aGODING V FRASER
650 2 4 _aACCOMMODATION AGENCIES ACT 1953 S1(A)
650 2 4 _aACCOMMODATION AGENCIES ACT 1953 S1(B)
650 2 4 _aPOWERS OF ATTORNEY ACT 1971
650 2 4 _aHELLINGS V PARKER BRESLIN ESTATES
690 2 4 _aPROPERTY-PROPERTY AGENCY
700 1 _aIves, Paul
942 _n0
999 _c76485
_d76485